| 000 | 00547nam a2200193 a 4500 | ||
|---|---|---|---|
| 005 | 20210223125311.0 | ||
| 008 | 040301s2002 mx r 000 0 spa d | ||
| 020 | _a8466300694 | ||
| 035 | _aUPN01000132273 | ||
| 049 | _aCG | ||
| 050 | 4 |
_aPQ8097 S3.6 _bA4.2 |
|
| 100 | 1 |
_aSerrano, Marcela, _d1951- _930006 |
|
| 245 | 1 | 3 |
_aEl albergue de las mujeres tristes / _cMarcela Serrano. |
| 260 |
_aMadrid : _bSuma de Letras, _c2002. |
||
| 300 | _a404 p. | ||
| 440 | 0 |
_aPunto de lectura ; _v25.3 |
|
| 650 | 4 |
_aNOVELA CHILENA - _ySIGLO XX |
|
| 905 | _aLibro | ||
| 999 |
_c104428 _d104428 |
||